00494nam a2200205Ia 4500003000900000008004100009040001300050040001300063041000800076100002100084100001000105245009300115250000900208260001200217260000900229300001100238300001000249490000600259700002300265IT-RoPAU120407s9999 xx 000 0 und d aIT-RoPAU cIT-RoPAU aita aBenedetto Testa  ccoll. aLa religiosità€ dei giovani. Ricerca tra gli studenti medio - superiori del maceratese. aRoma aColetti c1981 a133 p. c24 cm v1 aGiuseppe Orlandoni